[Event "16th Asian Games Team Women"]
[Site "Guangzhou CHN"]
[Date "2010.11.24"]
[Round "7.22"]
[White "Tuvshintugs, Batchimeg"]
[Black "Byun, Sungwon"]
[Result "1-0"]
[WhiteTitle "WGM"]
[BlackTitle "WCM"]
[WhiteElo "2327"]
[BlackElo "1612"]
[WhiteTeam "MGL"]
[BlackTeam "KOR"]
[WhiteFideId "4900839"]
[BlackFideId "13200852"]
[EventDate "2010.11.18"]

1. d4 d5 2. Nf3 Nf6 3. c4 c6 4. Nc3 e6 5. Bg5 Be7 6. e3 Nbd7 7. Qc2 a6 8. Bd3
dxc4 9. Bxc4 b5 10. Be2 Bb7 11. Rd1 h6 12. Bh4 O-O 13. O-O Rc8 14. Rd2 c5 15.
dxc5 Rxc5 16. Qd1 Rc7 17. Bg3 Rc8 18. Ne5 Bc6 19. Nxc6 Rxc6 20. Bf3 Rc4 21. Ne4
Qc8 22. b3 Nxe4 23. Rxd7 Nxg3 24. bxc4 Nxf1 25. Rxe7 Qc5 26. Rd7 Qxc4 27. Qe2
Nxe3 28. fxe3 Qc1+ 29. Rd1 Qc7 30. Be4 g6 31. Qd3 Kg7 32. Qd6 Qc8 33. Qd7 Qc3
34. Qd4+ Qxd4 35. Rxd4 Rc8 36. Rd6 Rc4 37. Bd3 Rc1+ 38. Kf2 Rd1 39. Ke2 Rg1 40.
Be4 f5 41. Bb7 a5 42. Rxe6 Rb1 43. Rd6 b4 44. Bc6 b3 45. axb3 Rxb3 46. Be8 g5
47. Rg6+ Kf8 48. Bc6 Rb2+ 49. Kf3 Rb4 50. Rxh6 a4 51. Rh8+ Ke7 52. Rh6 Kf8 53.
Rh8+ Ke7 54. Ra8 g4+ 55. Kg3 Rb3 56. Bxa4 Rxe3+ 57. Kf4 1-0